Alamat ng gubat (Record no. 7962)

MARC details
000 -LEADER
fixed length control field 00462nam a22001817a 4500
003 - CONTROL NUMBER IDENTIFIER
control field OSt
005 - DATE AND TIME OF LATEST TRANSACTION
control field 20260129045303.0
008 - FIXED-LENGTH DATA ELEMENTS--GENERAL INFORMATION
fixed length control field 260129b |||||||| |||| 00| 0 eng d
020 ## - INTERNATIONAL STANDARD BOOK NUMBER
International Standard Book Number 971-92574-1-5
040 ## - CATALOGING SOURCE
Original cataloging agency DWCL-Main Lib
Transcribing agency OC
082 ## - DEWEY DECIMAL CLASSIFICATION NUMBER
Classification number Prof. 899.211 On58 2003
100 ## - MAIN ENTRY--PERSONAL NAME
Personal name Ong, Bob
245 ## - TITLE STATEMENT
Title Alamat ng gubat
260 ## - PUBLICATION, DISTRIBUTION, ETC.
Place of publication, distribution, etc. Pasay City :
Name of publisher, distributor, etc. Visprint, Inc.,
Date of publication, distribution, etc. c2003
300 ## - PHYSICAL DESCRIPTION
Dimensions 18 cm.
650 ## - SUBJECT ADDED ENTRY--TOPICAL TERM
Topical term or geographic name entry element Filipino literature
942 ## - ADDED ENTRY ELEMENTS (KOHA)
Source of classification or shelving scheme Dewey Decimal Classification
Koha item type Professional Collections
Call number suffix Prof.
Suppress in OPAC No
952 ## - LOCATION AND ITEM INFORMATION (KOHA)
--
952 ## - LOCATION AND ITEM INFORMATION (KOHA)
--
Holdings
Withdrawn status Lost status Source of classification or shelving scheme Damaged status Not for loan Home library Current library Shelving location Date acquired Source of acquisition Cost, normal purchase price Total Checkouts Full call number Barcode Date last seen Copy number Price effective from Koha item type Uniform Resource Identifier
    Dewey Decimal Classification     Junior High School Library Junior High School Library Professional 06/01/2011 Library Fund 324.00   Prof. 899.211 On58 2003 JHS - 15870 01/29/2026 c2 01/29/2026 PROF.
    Dewey Decimal Classification     Junior High School Library Junior High School Library Professional 06/01/2011 Library Fund 324.00   Prof. 899.211 On58 2003 JHS - 15869 01/29/2026 c1 01/29/2026 PROF.